[Event "Internet Section 06A g/8'+2\""]
[White "Fernets, Marek"]
[Black "Gustafsson, Jan"]
[Site "Dos Hermanas"]
[Round "3"]
[Result "0-1"]
[Date "2004.03.06"]
[WhiteElo "2399"]
[BlackElo "2571"]
[PlyCount "120"]
[EventDate "2004.03.06"]
[EventType "swiss (blitz)"]
[EventRounds "9"]
[EventCountry "ESP"]
[SourceTitle "CBM 099 Extra"]
[Source "ChessBase"]
[SourceDate "2004.05.04"]
[SourceVersion "1"]
[SourceVersionDate "2004.05.04"]
[SourceQuality "1"]

1. e4 e5 2. Nf3 Nc6 3. Bb5 a6 4. Bxc6 dxc6 5. 0-0 f6 6. d4 Bg4 7. c3 Bd6 8. h3 Bh5 9. Nbd2 Nh6 10. dxe5 fxe5 11. Qb3 Rb8 12. Qe6+ Qe7 13. Qxe7+ Kxe7 14. g4 Bf7 15. Nb3 Ng8 16. Be3 Nf6 17. Nfd2 b6 18. f3 Rbf8 19. Kg2 a5 20. Rfd1 Rd8 21. Nf1 a4 22. Nbd2 a3 23. b3 b5 24. Ng3 g6 25. Bh6 Rhe8 26. Ndf1 b4 27. c4 Bc5 28. Be3 Bxe3 29. Nxe3 Nd7 30. Kf2 Nc5 31. Ke2 Ne6 32. Nc2 c5 33. Ke3 Nf4 34. h4 c6 35. h5 Ne6 36. hxg6 hxg6 37. Ne2 Rh8 38. Rh1 Nd4 39. Ncxd4 cxd4+ 40. Kd3 Be6 41. g5 Rdf8 42. Rxh8 Rxh8 43. Rg1 c5 44. f4 Rh3+ 45. Kd2 d3 46. Nc1 Rh2+ 47. Kxd3 exf4 48. Ne2 f3 49. Nf4 Bf7 50. Ra1 Rb2 51. Ke3 f2 52. Nd3 Rxa2 53. Rf1 Rc2 54. Nxf2 Rc3+ 55. Kf4 Rxb3 56. Rh1 a2 57. Ra1 Ra3 58. Nd1 Bxc4 59. Ke5 Be6 60. Nb2 c4 0-1